Reading Premier League XIs - Statistics

General Stats
  • This quiz has been taken 66 times
  • The average score is 14 of 33
Answer Stats
Position Answer % Correct
MF Stephen Hunt
66%
MF Stephen Hunt
66%
ST Leroy Lita
64%
ST Kevin Doyle
61%
ST Kevin Doyle
61%
DF Nicky Shorey
57%
DF Nicky Shorey
57%
DF Nicky Shorey
57%
MF Steve Sidwell
57%
ST Dave Kitson
55%
GK Marcus Hahnemann
55%
GK Marcus Hahnemann
55%
GK Adam Federici
52%
ST Pavel Pogrebnyak
43%
DF Ívar Ingimarsson
41%
DF Ívar Ingimarsson
41%
DF Graeme Murty
39%
DF Graeme Murty
39%
DF Chris Gunter
34%
DF Ibrahima Sonko
32%
DF Ibrahima Sonko
32%
MF James Harper
32%
MF James Harper
32%
MF Brynjar Gunnarsson
30%
DF Adrian Mariappa
27%
DF Alex Pearce
27%
MF Jimmy Kebe
27%
MF Jobi McAnuff
25%
MF Mikele Leigertwood
25%
MF Jem Karacan
23%
MF Danny Guthrie
20%
MF Ki-hyeon Seol
18%
DF Liam Rosenior
9%
No matching quizzes found
Score Distribution
Percent of People with Each Score
Percentile by Number Answered
Your Score History
You have not taken this quiz